| 000 | 00677nam a2200229 i 4500 | ||
|---|---|---|---|
| 001 | 10272 | ||
| 003 | ES-MaACL | ||
| 005 | 20231102063032.0 | ||
| 007 | t| | ||
| 008 | 950407s1994 sp ||||1| spa d | ||
| 020 | _a84-7979-072-5 | ||
| 080 | _a83-84"19" | ||
| 100 | 0 |
_aCanetti, Elias, _d1905-1994 _934493 |
|
| 245 | 1 | 3 |
_aEl suplicio de las moscas / _cElias Canetti; traducido del alemán por Cristina García Ohlrich. |
| 260 |
_aMadrid : _bAnaya & Mario Muchnik, _c[1994] |
||
| 300 |
_a151 p. ; _c22 cm. |
||
| 490 | 1 | _aActas | |
| 700 | 1 |
_aGarcía Ohlrich, Cristina. _955044 |
|
| 830 | 1 |
_aActas _9178380 |
|
| 852 | 4 |
_aES-MaACL _jL-17767 |
|
| 999 |
_c10272 _d10272 |
||